| 000 | 01311cam a2200325 i 4500 | ||
|---|---|---|---|
| 001 | vtls003263126 | ||
| 003 | MY-SjTCS | ||
| 005 | 20200226120250.0 | ||
| 008 | 150327t20152015xra 001 0 eng d | ||
| 020 | _a9780987550156 (paperback) | ||
| 039 | 9 |
_a201809071343 _bVLOAD _c201503271011 _dshuhada _c201503271007 _dshuhada _y201503270938 _zmalathy |
|
| 040 | _erda | ||
| 043 | _au-at--- | ||
| 082 | 0 | 4 |
_a615.10994 _bAUS 2015 |
| 245 | 0 | 0 | _aAustralian medicines handbook 2015. |
| 246 | 3 | _aAMH 2015 | |
| 264 | 1 |
_aAdelaide, SA : _bAustralian Medicines Handbook, _c[2015] |
|
| 264 | 4 | _c©2015 | |
| 300 |
_axix, 1001 pages, 1-65 ; _c21 cm |
||
| 336 |
_atext _2rdacontent |
||
| 337 |
_aunmediated _2rdamedia |
||
| 338 |
_avolume _2rdacarrier |
||
| 500 | _aIncludes index. | ||
| 500 | _a"Pharmaceutical Society of Australia, The Royal Australian College of General Practitioners, Australasian Society of Clinical and Experimental Pharmacologists and Toxicologists."--Title page. | ||
| 650 | 0 |
_aDrugs _zAustralia _vHandbooks, manuals, etc. _971194 |
|
| 710 | 2 |
_aPharmaceutical Society of Australia. _973724 |
|
| 710 | 2 |
_aRoyal Australian College of General Practitioners _973725 |
|
| 710 | 2 |
_aAustralasian Society of Clinical and Experimental Pharmacologists and Toxicologists _973726 |
|
| 920 | _aPHA : 218758 | ||
| 999 | _c161540 | ||